[Event "Køge Bugt Sommer 2012"]
[Site "Solrød Skole"]
[Date "2012.08.29"]
[Round "3.12"]
[White "Szûcs, Michell Daniel"]
[Black "Nielsen, Steen"]
[Result "0-1"]
[WhiteElo "1145"]
[BlackElo "1821"]
[PlyCount "44"]
[EventDate "2012.??.??"]
[WhiteTeam "Hvidovre Skakklub"]
[BlackTeam "Solrød Skakklub"]

1. d4 d5 2. Bf4 e6 3. Nf3 c5 4. c3 Nc6 5. e3 Nf6 6. h3 a6 7. Ne5 cxd4 8. Nxc6
bxc6 9. Qxd4 c5 10. Qd1 Be7 11. Nd2 O-O 12. Bd3 a5 13. O-O Ba6 14. Bxa6 Rxa6
15. Qe2 Qa8 16. a3 a4 17. Ra2 Qb7 18. Rb1 Rb6 19. f3 Rd8 20. Qf2 Ne8 21. Kh1
Bf6 22. Qg3 Bxc3 0-1

[Event "Køge Bugt Sommer 2012"]
[Site "Solrød Skole"]
[Date "2012.08.29"]
[Round "3.13"]
[White "Kristensen, Benny"]
[Black "Hansen, Erik Friberg"]
[Result "1-0"]
[WhiteElo "1899"]
[BlackElo "1548"]
[PlyCount "103"]
[EventDate "2012.??.??"]
[WhiteTeam "Skovbo Skakklub"]
[BlackTeam "Hvidovre Skakklub"]

1. e4 d5 2. exd5 Qxd5 3. Nc3 Qa5 4. Nf3 Bg4 5. Be2 Nf6 6. d3 c6 7. Be3 Qc7 8.
h3 Bxf3 9. Bxf3 e6 10. O-O Bd6 11. Ne4 Nxe4 12. dxe4 Nd7 13. Qd2 Nf6 14. c3 O-O
15. Qc2 e5 16. a4 a5 17. Qb3 c5 18. Rfd1 Rfd8 19. Qb5 b6 20. g3 Be7 21. Bg2
Rxd1+ 22. Rxd1 Rd8 23. Rc1 Qd6 24. Bf3 Qb8 25. Qc4 Qc8 26. Kg2 Qd7 27. Bd1 Qd3
28. Qxd3 Rxd3 29. Bc2 Rd8 30. f3 Bd6 31. Kf2 h6 32. Ke2 g5 33. Rd1 Be7 34.
Rxd8+ Bxd8 35. Kd3 Nd7 36. Kc4 Nf6 37. b4 cxb4 38. cxb4 Bc7 39. bxa5 bxa5 40.
Kb5 Ne8 41. Kc6 Kf8 42. Bc5+ Kg7 43. Bb6 Bxb6 44. Kxb6 Nd6 45. Bd3 Kf8 46. Kxa5
Nb7+ 47. Kb6 Nd6 48. a5 Nc8+ 49. Kb7 Nd6+ 50. Kc7 Ne8+ 51. Kb8 Nd6 52. a6 1-0

[Event "Køge Bugt Sommer 2012"]
[Site "Solrød Skole"]
[Date "2012.08.29"]
[Round "3.14"]
[White "Forsmann, Henning"]
[Black "Jørgensen, Leif"]
[Result "1-0"]
[WhiteElo "1779"]
[BlackElo "1672"]
[PlyCount "59"]
[EventDate "2012.??.??"]
[WhiteTeam "Solrød Skakklub"]
[BlackTeam "Solrød Skakklub"]

1. e4 e5 2. Nf3 Nc6 3. Bb5 Nf6 4. d3 d6 5. c3 Bd7 6. O-O Be7 7. Re1 a6 8. Ba4
Ng4 9. h3 Nf6 10. Be3 b5 11. Bc2 O-O 12. Nbd2 Ne8 13. Nf1 f5 14. exf5 Bxf5 15.
Ng3 Bd7 16. d4 exd4 17. Nxd4 Nxd4 18. Bxd4 c5 19. Be3 Nf6 20. Qd3 c4 21. Qd2
Rf7 22. Nf5 Ne8 23. Nxe7+ Rxe7 24. Bg5 Rxe1+ 25. Rxe1 Qc8 26. Re7 Bc6 27. Qf4
Bd5 28. Qh4 h6 29. Bxh6 gxh6 30. Qxh6 1-0

[Event "Køge Bugt Sommer 2012"]
[Site "Solrød Skole"]
[Date "2012.08.29"]
[Round "3.16"]
[White "Andersen, Hans E"]
[Black "Christensen, Peter"]
[Result "1-0"]
[WhiteElo "1741"]
[BlackElo "1768"]
[PlyCount "49"]
[EventDate "2012.??.??"]
[WhiteTeam "Skovbo Skakklub"]
[BlackTeam "Køge Skakklub"]

1. Nc3 d5 2. d4 Nf6 3. Nf3 g6 4. b3 Bg7 5. Bb2 O-O 6. e3 Bg4 7. Be2 Nbd7 8. h3
Bxf3 9. Bxf3 c6 10. O-O e5 11. dxe5 Nxe5 12. Na4 Nfd7 13. Rb1 Qf6 14. Be2 b5
15. Nc3 Nb6 16. f4 Ned7 17. Nxd5 Qe6 18. Bxg7 Nxd5 19. Bxf8 Qxe3+ 20. Kh1 Nxf8
21. Rf3 Qb6 22. Qd2 Rd8 23. Bd3 Ne6 24. f5 gxf5 25. Rg3+ 1-0